[Event "Junior Online 4NCL Division 4"]
[Site "online"]
[Date "2021.09.30"]
[EventDate "2021.09.30"]
[Round "4.64"]
[White "Bhatia, Kanishka"]
[WhiteElo "530"]
[WhiteTeam "Lenzie Dementors"]
[Black "Kaur, Samara"]
[BlackElo "900"]
[BlackTeam "Edgware Gambits H"]
[Result "1/2-1/2"]
[PlyCount "37"]

1. e4 e5 2. Nf3 Bc5 3. Nxe5 Qh4 4. Qf3 Nh6 5. d4 Bxd4 6. Bxh6 Bxe5 7. Be3 Bxb2 8. Bc4 Bxa1 9. Qxf7+ Kd8 10. Qxg7 Bxg7 11. Nd2 Qf6 12. Nf3 Qa1+ 13. Ke2 Qxh1 14. Bf7 Qa1 15. c3 Qxc3 16. Kf1 Qd3+ 17. Ke1 Qxe4 18. Kf1 b6 19. Bg5+ 1/2-1/2

[Event "Junior Online 4NCL Division 4"]
[Site "online"]
[Date "2021.09.30"]
[EventDate "2021.09.30"]
[Round "4.65"]
[White "Marenduzzo, Ollie"]
[WhiteElo "968"]
[WhiteTeam "Lenzie Dementors"]
[Black "Yarranton, Isaac"]
[BlackElo "1000"]
[BlackTeam "Edgware Gambits H"]
[Result "1-0"]
[PlyCount "83"]

1. e4 e5 2. d4 Nc6 3. Nf3 Nf6 4. dxe5 Nxe4 5. Qd5 Nc5 6. Bc4 Qe7 7. Be3 Nb4 8. Qd2 Nc6 9. O-O Ne4 10. Qd5 Nc5 11. Bxc5 Qxc5 12. Qxf7+ Kd8 13. Re1 Qe7 14. Nc3 Qxf7 15. Bxf7 Bb4 16. Rad1 Bxc3 17. bxc3 Rf8 18. e6 Ke7 19. exd7+ Kxf7 20. dxc8=Q Raxc8 21. Rd7+ Kg8 22. Nd4 Nxd4 23. cxd4 Rcd8 24. Ree7 Rxd7 25. Rxd7 Re8 26. g3 Rc8 27. Kg2 h6 28. f4 g5 29. fxg5 hxg5 30. Kf3 c5 31. d5 b6 32. Rxa7 Rd8 33. c4 b5 34. cxb5 Rxd5 35. b6 Rd8 36. b7 c4 37. Ra8 c3 38. Rxd8+ Kg7 39. b8=Q c2 40. Qb2+ Kg6 41. Qxc2+ Kh5 42. Rh8# 1-0

[Event "Junior Online 4NCL Division 4"]
[Site "online"]
[Date "2021.09.30"]
[EventDate "2021.09.30"]
[Round "4.68"]
[White "Kaur, Samara"]
[WhiteElo "900"]
[WhiteTeam "Edgware Gambits H"]
[Black "Bhatia, Kanishka"]
[BlackElo "530"]
[BlackTeam "Lenzie Dementors"]
[Result "0-1"]
[PlyCount "52"]

1. e4 e5 2. Bc4 Nf6 3. d3 Nc6 4. g4 d6 5. h3 d5 6. exd5 Nxd5 7. Qf3 Nf6 8. g5 Nd4 9. Qd1 Nd7 10. c3 Ne6 11. d4 exd4 12. cxd4 Bd6 13. d5 Nxg5 14. h4 Ne4 15. Qg4 O-O 16. Bh6 Qf6 17. Bg5 Qxf2+ 18. Kd1 Ndf6 19. Bxf6 Bxg4+ 20. Ne2 Ng3 21. Bd4 Bxe2+ 22. Bxe2 Qxe2+ 23. Kc1 Bf4+ 24. Be3 Bxe3+ 25. Nd2 Qxd2+ 26. Kb1 Qd3# 0-1

[Event "Junior Online 4NCL Division 4"]
[Site "online"]
[Date "2021.09.30"]
[EventDate "2021.09.30"]
[Round "4.71"]
[White "Fang, Moyao"]
[WhiteElo "1367"]
[WhiteTeam "London Dragons Beryllium"]
[Black "Kong, Emma"]
[BlackElo "1030"]
[BlackTeam "Young Dragons D"]
[Result "0-1"]
[PlyCount "114"]

1. e4 e5 2. Nf3 Nc6 3. Bc4 Nf6 4. Ng5 d5 5. exd5 Na5 6. Bb5+ c6 7. dxc6 bxc6 8. Qf3 Qb6 9. Bd3 Bg4 10. Qe3 Qc7 11. f3 Bd7 12. O-O h6 13. Ne4 Nd5 14. Qf2 Nb7 15. Nbc3 f5 16. Nxd5 cxd5 17. Ng3 Bc5 18. Bxf5 Bxf2+ 19. Rxf2 Bxf5 20. Nxf5 O-O 21. d3 Rxf5 22. g4 Rff8 23. h4 e4 24. dxe4 dxe4 25. f4 Qb6 26. Kg2 Rad8 27. Bd2 e3 28. Bxe3 Qxe3 29. Rf3 Qe2+ 30. Rf2 Qxg4+ 31. Kf1 Rd1+ 32. Rxd1 Qxd1+ 33. Kg2 Qd5+ 34. Kf1 Qh1+ 35. Ke2 Re8+ 36. Kd3 Qxh4 37. f5 Qxf2 38. f6 gxf6 39. Kc4 Qc5+ 40. Kd3 Rd8+ 41. Ke4 Qe5+ 42. Kf3 Rd4 43. Kf2 Qf4+ 44. Ke2 Qe4+ 45. Kf2 Rd2+ 46. Kg3 Qe5+ 47. Kf3 Qh5+ 48. Ke3 Rxc2 49. Kd3 Rxb2 50. Kc3 Re2 51. Kd3 Qf3+ 52. Kd4 Re4+ 53. Kd5 Qf5+ 54. Kc6 Re6+ 55. Kc7 Qc5+ 56. Kb8 Re8+ 57. Kxb7 Qb6# 0-1

[Event "Junior Online 4NCL Division 4"]
[Site "online"]
[Date "2021.09.30"]
[EventDate "2021.09.30"]
[Round "4.72"]
[White "Kulkarni, Arnav"]
[WhiteElo "1033"]
[WhiteTeam "Young Dragons D"]
[Black "Shi, Shaoting"]
[BlackElo "1211"]
[BlackTeam "London Dragons Beryllium"]
[Result "1-0"]
[PlyCount "79"]

1. e4 c5 2. Nf3 d6 3. Nc3 Nf6 4. d4 cxd4 5. Nxd4 g6 6. Bd3 Bg7 7. O-O O-O 8. Be2 e5 9. Nf3 Nc6 10. Be3 Be6 11. Qd3 Qe7 12. Qb5 a6 13. Qb6 Ng4 14. Bd2 a5 15. Rad1 Nb4 16. a3 Nxc2 17. Bg5 f6 18. Qxd6 Qf7 19. Bh4 Rfd8 20. Qxd8+ Rxd8 21. Rxd8+ Bf8 22. Nb5 Qe7 23. Rd2 Qc5 24. Rc1 Qb6 25. Rcxc2 Bc5 26. h3 Nxf2 27. Rxc5 Qxc5 28. Bxf2 Qc1+ 29. Rd1 Qxb2 30. Bf1 Kg7 31. g4 Qb3 32. Rd6 Bc4 33. Bxc4 Qxc4 34. Rd7+ Kh6 35. Be3+ g5 36. Nd6 Qe2 37. Nf7+ Kg6 38. Nh4+ Kg7 39. Nxe5+ Kh6 40. Nf5# 1-0

[Event "Junior Online 4NCL Division 4"]
[Site "online"]
[Date "2021.09.30"]
[EventDate "2021.09.30"]
[Round "4.73"]
[White "Li, Harvey"]
[WhiteElo "1280"]
[WhiteTeam "London Dragons Beryllium"]
[Black "Dafydd, Cai"]
[BlackElo "843"]
[BlackTeam "Young Dragons D"]
[Result "1-0"]
[PlyCount "47"]

1. d4 d5 2. c4 dxc4 3. e4 Nf6 4. Nc3 Bg4 5. Nf3 Nc6 6. d5 Nb4 7. Qa4+ Qd7 8. Qxb4 O-O-O 9. Bxc4 Bxf3 10. gxf3 Qh3 11. Be3 Qg2 12. O-O-O Qxf3 13. Be2 Qxh1 14. Rxh1 Ng4 15. Bxg4+ e6 16. Qc4 b5 17. Nxb5 Bd6 18. Nxd6+ Rxd6 19. dxe6 Rc6 20. e7+ Kb8 21. Qxc6 Re8 22. Qxe8+ Kb7 23. Qb5+ Ka8 24. e8=Q# 1-0

[Event "Junior Online 4NCL Division 4"]
[Site "online"]
[Date "2021.09.30"]
[EventDate "2021.09.30"]
[Round "4.74"]
[White "Dafydd, Gruff"]
[WhiteElo "644"]
[WhiteTeam "Young Dragons D"]
[Black "Wang, Hantin"]
[BlackElo "1270"]
[BlackTeam "London Dragons Beryllium"]
[Result "0-1"]
[PlyCount "20"]

1. e4 c5 2. Nf3 Nc6 3. Bc4 g6 4. Ng5 e6 5. Nh3 Bg7 6. d3 Nf6 7. Qf3 Nd4 8. Qf4 Nxc2+ 9. Kd1 Nxa1 10. Qc7 Qxc7 0-1

[Event "Junior Online 4NCL Division 4"]
[Site "online"]
[Date "2021.09.30"]
[EventDate "2021.09.30"]
[Round "4.75"]
[White "Kong, Emma"]
[WhiteElo "1030"]
[WhiteTeam "Young Dragons D"]
[Black "Fang, Moyao"]
[BlackElo "1367"]
[BlackTeam "London Dragons Beryllium"]
[Result "1-0"]
[PlyCount "75"]

1. e4 c5 2. Nc3 Nc6 3. f4 e6 4. Nf3 Nge7 5. Bc4 d5 6. exd5 exd5 7. Bb5 a6 8. Bxc6+ Nxc6 9. O-O Be7 10. Qe1 Nb4 11. Qd1 Bf5 12. d3 c4 13. a3 Bc5+ 14. Kh1 Nxc2 15. Qxc2 Bxd3 16. Re1+ Kf8 17. Qd1 Bf2 18. Re5 f6 19. Rxd5 Qe7 20. Qd2 Be3 21. Qxe3 Qxe3 22. Bxe3 Re8 23. Re1 b5 24. Bc5+ Kf7 25. Rd7+ Kg6 26. Rxe8 Rxe8 27. Re7 Rc8 28. Bb4 f5 29. Ne1 Kf6 30. Nxd3 a5 31. Nd5+ Kg6 32. Ne5+ Kh6 33. Bxa5 Rd8 34. Bxd8 Kh5 35. Rxg7 Kh6 36. Rg3 Kh5 37. Nf6+ Kh6 38. Nf7# 1-0

[Event "Junior Online 4NCL Division 4"]
[Site "online"]
[Date "2021.09.30"]
[EventDate "2021.09.30"]
[Round "4.76"]
[White "Shi, Shaoting"]
[WhiteElo "1211"]
[WhiteTeam "London Dragons Beryllium"]
[Black "Kulkarni, Arnav"]
[BlackElo "1033"]
[BlackTeam "Young Dragons D"]
[Result "0-1"]
[PlyCount "42"]

1. e4 e5 2. Nf3 Nc6 3. Bc4 Nf6 4. Ng5 d5 5. exd5 Nd4 6. c3 b5 7. Bxb5+ Nxb5 8. Qa4 Qxd5 9. c4 Qxg2 10. Qxb5+ Bd7 11. Qxe5+ Be7 12. Rf1 Ng4 13. Qxc7 Bxg5 14. f3 Nxh2 15. Rf2 Bh4 16. Qe5+ Be6 17. Qb5+ Kf8 18. Qc5+ Kg8 19. Nc3 Bxf2+ 20. Qxf2 Nxf3+ 21. Qxf3 Qxf3 0-1

[Event "Junior Online 4NCL Division 4"]
[Site "online"]
[Date "2021.09.30"]
[EventDate "2021.09.30"]
[Round "4.78"]
[White "Wang, Hantin"]
[WhiteElo "1270"]
[WhiteTeam "London Dragons Beryllium"]
[Black "Dafydd, Gruff"]
[BlackElo "644"]
[BlackTeam "Young Dragons D"]
[Result "1-0"]
[PlyCount "53"]

1. d4 e6 2. e4 Bb4+ 3. c3 Bc5 4. dxc5 d6 5. cxd6 Qxd6 6. Qxd6 cxd6 7. Bf4 e5 8. Be3 d5 9. exd5 Nf6 10. Bc4 Ne4 11. Bd3 Nd2 12. Nxd2 O-O 13. Ngf3 Kh8 14. O-O h6 15. Nxe5 f5 16. Ndc4 f4 17. Bd4 Bh3 18. gxh3 Re8 19. Ng6+ Kh7 20. Ne7+ Kh8 21. Ng6+ Kg8 22. Rfe1 Rxe1+ 23. Rxe1 a6 24. Nb6 Kh7 25. Nxa8 Kg8 26. Re7 Kh7 27. Rxg7# 1-0

[Event "Junior Online 4NCL Division 4"]
[Site "online"]
[Date "2021.09.30"]
[EventDate "2021.09.30"]
[Round "4.81"]
[White "Amos, Katherine"]
[WhiteElo "1414"]
[WhiteTeam "Farnham Fantasticos B"]
[Black "Ali, Zaki"]
[BlackElo "1268"]
[BlackTeam "Wanstead Warriors 2"]
[Result "0-1"]
[PlyCount "54"]

1. e4 c5 2. Nf3 d6 3. Bb5+ Bd7 4. Bxd7+ Qxd7 5. O-O Nf6 6. Nc3 Nc6 7. b3 g6 8. Bb2 Bg7 9. Rb1 O-O 10. Re1 Qe6 11. d4 cxd4 12. Nxd4 Nxd4 13. Qxd4 Nd7 14. Nd5 Bxd4 15. Nc7 Qf6 16. Bxd4 Qxd4 17. Nxa8 Rxa8 18. a4 Qc3 19. Rbc1 Qd2 20. Red1 Qb4 21. Rb1 Nc5 22. Rdc1 Nxe4 23. Re1 Rc8 24. f3 Qd4+ 25. Kh1 Nf2+ 26. Kg1 Nd3+ 27. Kf1 Qf2# 0-1

[Event "Junior Online 4NCL Division 4"]
[Site "online"]
[Date "2021.09.30"]
[EventDate "2021.09.30"]
[Round "4.82"]
[White "Mukherjee, Aradhya"]
[WhiteElo "1337"]
[WhiteTeam "Wanstead Warriors 2"]
[Black "Warnock, Oliver"]
[BlackElo "1255"]
[BlackTeam "Farnham Fantasticos B"]
[Result "1-0"]
[PlyCount "135"]

1. d4 e6 2. c4 f5 3. e4 fxe4 4. Nc3 Nf6 5. Bg5 Bb4 6. a3 Bxc3+ 7. bxc3 O-O 8. Be2 d5 9. cxd5 exd5 10. Nh3 Bxh3 11. gxh3 Nbd7 12. Qb3 Nb6 13. Rg1 Qd6 14. Rg3 c5 15. Be3 c4 16. Qb4 Qxb4 17. axb4 Nbd7 18. Kd2 a6 19. Rag1 Rf7 20. Ra1 b5 21. Ra5 Nb8 22. Bf4 Nc6 23. Ra2 Rfa7 24. Bg5 e3+ 25. Rxe3 Ne4+ 26. Rxe4 dxe4 27. Be3 a5 28. d5 Rd7 29. Kc2 Rxd5 30. Bg4 Rdd8 31. Bg5 Rd5 32. Be6+ Kf8 33. Bxd5 Ra6 34. Bxc6 Rxc6 35. Rxa5 Rb6 36. Be3 Rb7 37. Bc5+ Kf7 38. Bd4 g6 39. Ra6 Ke7 40. Bf6+ Kd7 41. h4 Kc7 42. h5 gxh5 43. Be5+ Kc8 44. Rh6 Re7 45. Bd4 Rf7 46. Rxh5 Kd7 47. Re5 Rf4 48. Rxb5 Rh4 49. Be5 Rh5 50. Ra5 Rg5 51. Bg3 Rxa5 52. bxa5 Kc6 53. Kd2 Kb5 54. Ke3 Kxa5 55. Kxe4 Ka4 56. Kd4 Kb3 57. Bd6 h5 58. f4 h4 59. f5 h3 60. f6 Kb2 61. f7 Kc2 62. f8=Q Kd2 63. Qf2+ Kc1 64. Qe1+ Kc2 65. Bf4 Kb3 66. Qc1 Ka2 67. Qc2+ Ka3 68. Bc1# 1-0

[Event "Junior Online 4NCL Division 4"]
[Site "online"]
[Date "2021.09.30"]
[EventDate "2021.09.30"]
[Round "4.83"]
[White "Warren, Orla"]
[WhiteElo "1140"]
[WhiteTeam "Farnham Fantasticos B"]
[Black "Quin, Wilder"]
[BlackElo "1227"]
[BlackTeam "Wanstead Warriors 2"]
[Result "1-0"]
[PlyCount "61"]

1. d4 Nf6 2. Bf4 g6 3. Nc3 Bg7 4. e4 d6 5. Bd3 Nc6 6. Nf3 O-O 7. h4 Bg4 8. a3 Nd7 9. Be2 Re8 10. Ng5 Bxe2 11. Qxe2 h6 12. Nf3 e5 13. dxe5 dxe5 14. Be3 Qe7 15. h5 Kh7 16. hxg6+ fxg6 17. O-O-O Rf8 18. Rh2 Rad8 19. Rdh1 Nf6 20. Bg5 Qf7 21. Nd2 Rd7 22. Bxh6 Nh5 23. Bxg7 Qxg7 24. g4 Kg8 25. gxh5 g5 26. h6 Qh7 27. Qe3 Kh8 28. Qxg5 Rg8 29. Qf6+ Rgg7 30. hxg7+ Kg8 31. Qf8# 1-0

[Event "Junior Online 4NCL Division 4"]
[Site "online"]
[Date "2021.09.30"]
[EventDate "2021.09.30"]
[Round "4.84"]
[White "Suresh, Karun"]
[WhiteElo "1252"]
[WhiteTeam "Wanstead Warriors 2"]
[Black "Lumsden, Emmanuel"]
[BlackElo "1064"]
[BlackTeam "Farnham Fantasticos B"]
[Result "0-1"]
[PlyCount "102"]

1. e4 e5 2. Nf3 Nf6 3. Nc3 Bc5 4. Nxe5 Nc6 5. f4 Bb6 6. Bc4 d6 7. Nxf7 Qe7 8. Nxh8 d5 9. Bxd5 Nxd5 10. Ne2 Qxe4 11. d3 Qxg2 12. Rf1 Bh3 13. Kd2 Qxf1 14. Qxf1 Bxf1 15. Ng3 Bh3 16. Nh5 O-O-O 17. Nf7 Re8 18. Nxg7 Re7 19. c4 Be3+ 20. Kc2 Ndb4+ 21. Kb3 Rxf7 22. Bxe3 Rxg7 23. d4 Bf5 24. d5 Nc2 25. Rd1 Nxe3 26. Re1 Bc2+ 27. Kc3 Ng2 28. Re2 Nxf4 29. Rxc2 Rg2 30. dxc6 Rxc2+ 31. Kxc2 bxc6 32. b4 Kb7 33. Kb3 Kb6 34. c5+ Kb5 35. a4+ Ka6 36. Kc4 Nd5 37. b5+ Ka5 38. bxc6 Ne3+ 39. Kb3 Ng4 40. h3 Ne5 41. h4 Nxc6 42. h5 Nd4+ 43. Kc4 Nf5 44. c6 Kxa4 45. Kc5 a5 46. Kc4 Ne3+ 47. Kc5 Kb3 48. Kb5 a4 49. Ka6 a3 50. Kb7 Nd5 51. Kc8 a2 0-1

[Event "Junior Online 4NCL Division 4"]
[Site "online"]
[Date "2021.09.30"]
[EventDate "2021.09.30"]
[Round "4.85"]
[White "Ali, Zaki"]
[WhiteElo "1268"]
[WhiteTeam "Wanstead Warriors 2"]
[Black "Amos, Katherine"]
[BlackElo "1414"]
[BlackTeam "Farnham Fantasticos B"]
[Result "1-0"]
[PlyCount "65"]

1. e4 d5 2. exd5 Nf6 3. Bc4 Nxd5 4. Nc3 e6 5. Nge2 Bc5 6. O-O O-O 7. d4 Bb6 8. Qd3 Nxc3 9. Nxc3 Nc6 10. Be3 Qf6 11. Ne4 Qe7 12. d5 exd5 13. Bxd5 Ne5 14. Qc3 Bxe3 15. Qxe3 c6 16. Bb3 Ng4 17. Qf3 a6 18. h3 Ne5 19. Qe2 Ng6 20. Rfe1 Re8 21. Qd2 Qh4 22. Nd6 Rf8 23. Re8 Be6 24. Rxa8 Rxa8 25. Bxe6 fxe6 26. Qe3 e5 27. Nxb7 Rb8 28. Qa7 Rf8 29. Rd1 Nf4 30. g3 Nxh3+ 31. Kg2 Rxf2+ 32. Qxf2 Qg4 33. Rd8# 1-0

[Event "Junior Online 4NCL Division 4"]
[Site "online"]
[Date "2021.09.30"]
[EventDate "2021.09.30"]
[Round "4.86"]
[White "Warnock, Oliver"]
[WhiteElo "1255"]
[WhiteTeam "Farnham Fantasticos B"]
[Black "Mukherjee, Aradhya"]
[BlackElo "1337"]
[BlackTeam "Wanstead Warriors 2"]
[Result "1-0"]
[PlyCount "96"]

1. d4 d5 2. c4 e6 3. Nc3 Nf6 4. Bg5 c6 5. Nf3 Bb4 6. Qc2 Qa5 7. e3 Ne4 8. a3 Bxc3+ 9. bxc3 Nxc3 10. Qd2 b6 11. Rc1 Ne4 12. Qxa5 bxa5 13. Bf4 Bd7 14. Ne5 f6 15. Nxd7 Kxd7 16. f3 Nd6 17. c5 Nf7 18. Bd3 f5 19. Ke2 Ke7 20. h3 g6 21. g4 Kf6 22. g5+ Nxg5 23. Be5+ Ke7 24. Bxh8 Nd7 25. Bg7 Nf7 26. f4 Rg8 27. Be5 Nfxe5 28. fxe5 Rb8 29. Rb1 Ra8 30. Ba6 Rb8 31. Rxb8 Nxb8 32. Bd3 Kd7 33. Rb1 Kc7 34. Kf3 Nd7 35. Kf4 h6 36. h4 Nb8 37. Rg1 g5+ 38. hxg5 hxg5+ 39. Kxg5 Nd7 40. Rh1 a6 41. Bxa6 Nb8 42. Rh7+ Kd8 43. Rh8+ Kc7 44. Rxb8 Kxb8 45. Kf6 f4 46. exf4 Ka7 47. Bd3 Kb7 48. f5 exf5 1-0

[Event "Junior Online 4NCL Division 4"]
[Site "online"]
[Date "2021.09.30"]
[EventDate "2021.09.30"]
[Round "4.87"]
[White "Quin, Wilder"]
[WhiteElo "1227"]
[WhiteTeam "Wanstead Warriors 2"]
[Black "Warren, Orla"]
[BlackElo "1140"]
[BlackTeam "Farnham Fantasticos B"]
[Result "1-0"]
[PlyCount "97"]

1. e4 e6 2. d4 d5 3. exd5 exd5 4. Nc3 Bd6 5. Nf3 Nf6 6. Bg5 h6 7. Bh4 Bg4 8. Qe2+ Be7 9. Bxf6 gxf6 10. h3 Bxf3 11. Qxf3 Nc6 12. Bb5 a6 13. Bxc6+ bxc6 14. g3 Bb4 15. a3 Bxc3+ 16. Qxc3 Qe7+ 17. Kf1 O-O-O 18. Kg2 Rhg8 19. Rae1 Qd6 20. Qa5 Rde8 21. Rxe8+ Rxe8 22. Qxa6+ Kd7 23. Qd3 c5 24. Qf5+ Re6 25. dxc5 Qxc5 26. Re1 Qc6 27. c3 d4+ 28. Kh2 dxc3 29. Rxe6 fxe6 30. Qd3+ Qd6 31. Qxc3 c5 32. Qxf6 c4 33. Qxh6 Qd2 34. Qxd2+ Ke7 35. Qc3 e5 36. Qxc4 Kf6 37. Kg2 Kf5 38. g4+ Kg5 39. Kg3 e4 40. h4+ Kf6 41. Qxe4 Kf7 42. Qc6 Ke7 43. Kf4 Kf7 44. Ke5 Ke7 45. Qc7+ Kf8 46. Ke6 Kg8 47. Kf6 Kh8 48. Kg6 Kg8 49. Qg7# 1-0

[Event "Junior Online 4NCL Division 4"]
[Site "online"]
[Date "2021.09.30"]
[EventDate "2021.09.30"]
[Round "4.88"]
[White "Lumsden, Emmanuel"]
[WhiteElo "1064"]
[WhiteTeam "Farnham Fantasticos B"]
[Black "Suresh, Karun"]
[BlackElo "1252"]
[BlackTeam "Wanstead Warriors 2"]
[Result "1-0"]
[PlyCount "93"]

1. e4 e5 2. Nf3 Nc6 3. Bc4 Nf6 4. Ng5 Qe7 5. Bxf7+ Kd8 6. Bb3 h6 7. Nf7+ Ke8 8. Nxh8 Qb4 9. Nc3 Nxe4 10. Qh5+ Kd8 11. Nf7+ Ke7 12. Qh4+ g5 13. Qxe4 Qxe4+ 14. Nxe4 Ke8 15. Nf6+ Ke7 16. Ng8+ Ke8 17. O-O d5 18. Bxd5 Ne7 19. Nxe7 Kxe7 20. Re1 Be6 21. Rxe5 Kxf7 22. Bxe6+ Kf6 23. Re2 Re8 24. Bc4 Rxe2 25. Bxe2 c6 26. b3 b5 27. Bb2+ Ke6 28. Re1 b4 29. Bc4+ Kd7 30. Be6+ Kd6 31. Bf7 Be7 32. Be5+ Kd7 33. Re4 Bd6 34. Bxd6 Kxd6 35. Re6+ Kd5 36. Rxh6+ Ke5 37. Rh5 Kf5 38. h4 Kg4 39. Rxg5+ Kxh4 40. Rg8 a5 41. Bc4 c5 42. f4 Kh5 43. f5 Kh6 44. f6 Kh7 45. Rg3 Kh8 46. f7 Kh7 47. f8=Q 1-0

[Event "Junior Online 4NCL Division 4"]
[Site "online"]
[Date "2021.09.30"]
[EventDate "2021.09.30"]
[Round "4.91"]
[White "Elsabbagh, Ahmed"]
[WhiteElo "1123"]
[WhiteTeam "Leeds Juniors 4"]
[Black "Jayaprakash, Arnav"]
[BlackElo "1441"]
[BlackTeam "Wolfpack Juniors"]
[Result "0-1"]
[PlyCount "86"]

1. e4 e6 2. d4 d5 3. e5 c5 4. c3 Nc6 5. Nf3 cxd4 6. cxd4 Nge7 7. Nc3 Ng6 8. Bd3 Be7 9. O-O O-O 10. Be3 Bd7 11. Qd2 Nb4 12. h3 Nxd3 13. Qxd3 Qb6 14. b3 Rac8 15. Rac1 Qa5 16. Bd2 Bb4 17. Ne2 Bb5 18. Bxb4 Bxd3 19. Bxa5 Bxe2 20. Rfe1 Bxf3 21. gxf3 Rxc1 22. Rxc1 Nf4 23. Rc2 Nxh3+ 24. Kg2 Nf4+ 25. Kg3 Nd3 26. f4 b6 27. Bd2 a5 28. a3 f6 29. Kf3 fxe5 30. dxe5 Nxe5+ 31. Ke3 Ng4+ 32. Kf3 Nf6 33. Ke3 Ne4 34. b4 Nxd2 35. Rxd2 axb4 36. axb4 Kf7 37. f5 Kf6 38. Kf4 Ke7 39. Ke5 Rxf5+ 40. Kd4 Rf4+ 41. Ke3 Rxb4 42. f4 Kd6 43. Rg2 g6 0-1

[Event "Junior Online 4NCL Division 4"]
[Site "online"]
[Date "2021.09.30"]
[EventDate "2021.09.30"]
[Round "4.92"]
[White "Reeves, Hollyann"]
[WhiteElo "1383"]
[WhiteTeam "Wolfpack Juniors"]
[Black "Bez Birolo, Enzo"]
[BlackElo "1118"]
[BlackTeam "Leeds Juniors 4"]
[Result "1-0"]
[PlyCount "87"]

1. e4 c6 2. d4 d5 3. e5 Bf5 4. Nf3 e6 5. Bf4 Qb6 6. b3 Ba3 7. Nxa3 Qa5+ 8. Qd2 Qxa3 9. Bd3 Qb2 10. O-O Bxd3 11. Qxd3 Qa3 12. Bc1 Qa5 13. a3 Ne7 14. Bd2 Qc7 15. Ng5 Nf5 16. Bb4 a5 17. Bc3 h6 18. Nf3 b5 19. b4 a4 20. Bd2 Nd7 21. c3 Nb6 22. h3 Nc4 23. Bc1 Qe7 24. Nd2 Nb6 25. Nf3 Nc4 26. Nd2 Nb6 27. Ra2 O-O 28. Nf3 Nh4 29. Nxh4 Qxh4 30. Qg3 Qxg3 31. fxg3 g5 32. h4 Kg7 33. hxg5 hxg5 34. Bxg5 Kg6 35. Be7 Rfe8 36. Bc5 Nc4 37. Rf6+ Kg7 38. Raf2 Nxa3 39. Rxf7+ Kg6 40. R2f6+ Kg5 41. Rg7+ Kh5 42. g4+ Kh4 43. Kh2 Rh8 44. g3# 1-0

[Event "Junior Online 4NCL Division 4"]
[Site "online"]
[Date "2021.09.30"]
[EventDate "2021.09.30"]
[Round "4.93"]
[White "Vyas, Miraya"]
[WhiteElo "1053"]
[WhiteTeam "Leeds Juniors 4"]
[Black "Mahadevan, Meikum"]
[BlackElo "1113"]
[BlackTeam "Wolfpack Juniors"]
[Result "1-0"]
[PlyCount "115"]

1. e4 e5 2. Nf3 Nc6 3. Bc4 h6 4. O-O Nf6 5. Nc3 b6 6. d3 Bb7 7. Be3 d6 8. Nd5 Nxd5 9. Bxd5 Be7 10. d4 Bf6 11. c3 Qe7 12. Qa4 Qd7 13. Rad1 O-O 14. b4 a6 15. dxe5 dxe5 16. Bxc6 Qxc6 17. Qxc6 Bxc6 18. h3 Bxe4 19. Nd2 Bd3 20. Rfe1 Rad8 21. f4 exf4 22. Bxf4 Bxc3 23. Rc1 Bxb4 24. Rxc7 g5 25. Be3 Rfe8 26. Rcc1 Rxe3 27. Rxe3 Bxd2 28. Rce1 Bxe3+ 29. Rxe3 Bb5 30. Rf3 Bc6 31. Rf6 Bd5 32. Rxb6 Bxa2 33. Rxa6 Be6 34. Kf2 Bd5 35. Rxh6 Kg7 36. Rh5 Kf6 37. g4 Ra8 38. Rh6+ Ke5 39. Rh7 Kf4 40. h4 Ra2+ 41. Ke1 Ke3 42. Kd1 Kd3 43. Ke1 Rb2 44. h5 Ra2 45. h6 Rh2 46. Rh8 Kd4 47. h7 Kd3 48. Kf1 Kd4 49. Kg1 Rh4 50. Kf2 Rxg4 51. Rg8 Rf4+ 52. Ke2 Re4+ 53. Kf3 Rf4+ 54. Kg3 Rf3+ 55. Kg4 Rf4+ 56. Kxg5 f6+ 57. Kxf4 Bxg8 58. hxg8=Q 1-0

[Event "Junior Online 4NCL Division 4"]
[Site "online"]
[Date "2021.09.30"]
[EventDate "2021.09.30"]
[Round "4.94"]
[White "Marsden, Rupert"]
[WhiteElo "1042"]
[WhiteTeam "Wolfpack Juniors"]
[Black "Teh, Andrew"]
[BlackElo "980"]
[BlackTeam "Leeds Juniors 4"]
[Result "1-0"]
[PlyCount "85"]

1. d4 d5 2. Bf4 Bf5 3. Nf3 e6 4. Nbd2 Ne7 5. e3 g6 6. c3 Bg7 7. h3 O-O 8. g4 Be4 9. Rh2 Nbc6 10. Ng5 f5 11. Nxe6 Qd7 12. Nxf8 Kxf8 13. Nxe4 dxe4 14. Bb5 a6 15. Bxc6 Qxc6 16. Qb3 Nd5 17. O-O-O Rd8 18. gxf5 gxf5 19. Kb1 Rd6 20. Bxd6+ Qxd6 21. Rg2 b5 22. Rdg1 Bf6 23. c4 Ne7 24. c5 Qd7 25. Rg8+ Nxg8 26. Qxg8+ Ke7 27. Qxh7+ Ke6 28. Qxd7+ Kxd7 29. Rf1 c6 30. f3 exf3 31. Rxf3 Ke6 32. Kc2 Bg5 33. Kd3 Kd5 34. Rxf5+ Ke6 35. Rxg5 Kf6 36. Rg1 Kf5 37. h4 Kf6 38. h5 Kf5 39. h6 Kf6 40. h7 Kf5 41. h8=Q Ke6 42. Qe8+ Kd5 43. Qe5# 1-0

[Event "Junior Online 4NCL Division 4"]
[Site "online"]
[Date "2021.09.30"]
[EventDate "2021.09.30"]
[Round "4.95"]
[White "Jayaprakash, Arnav"]
[WhiteElo "1441"]
[WhiteTeam "Wolfpack Juniors"]
[Black "Elsabbagh, Ahmed"]
[BlackElo "1123"]
[BlackTeam "Leeds Juniors 4"]
[Result "1-0"]
[PlyCount "45"]

1. e4 e6 2. d4 d5 3. e5 c5 4. c3 Nc6 5. Nf3 Nge7 6. Bb5 Nf5 7. O-O Bd7 8. Bf4 Qb6 9. Bxc6 Bxc6 10. Qd2 h5 11. Bg5 Be7 12. Bxe7 Kxe7 13. Na3 Bb5 14. Rfe1 cxd4 15. cxd4 Bc6 16. Rab1 Qc7 17. Rec1 Qd8 18. Nc2 Kd7 19. Nb4 Rc8 20. Nxc6 Rxc6 21. Rxc6 bxc6 22. Ng5 h4 23. Nxf7 1-0

[Event "Junior Online 4NCL Division 4"]
[Site "online"]
[Date "2021.09.30"]
[EventDate "2021.09.30"]
[Round "4.96"]
[White "Bez Birolo, Enzo"]
[WhiteElo "1118"]
[WhiteTeam "Leeds Juniors 4"]
[Black "Reeves, Hollyann"]
[BlackElo "1383"]
[BlackTeam "Wolfpack Juniors"]
[Result "0-1"]
[PlyCount "111"]

1. Nf3 Nc6 2. d4 d5 3. Bf4 Bf5 4. e3 Nf6 5. Ne5 Nxe5 6. dxe5 Nd7 7. Nc3 e6 8. Bd3 Bxd3 9. Qxd3 Bb4 10. O-O-O f6 11. Qd4 Bc5 12. Qd3 fxe5 13. Bg3 e4 14. Qb5 c6 15. Qxb7 Qb6 16. Qxb6 Nxb6 17. Be5 O-O 18. g4 Rxf2 19. h4 Bxe3+ 20. Kb1 Nc4 21. Bd4 Bxd4 22. Rxd4 Rd2 23. Rxd2 Nxd2+ 24. Kc1 Nc4 25. b3 Nd6 26. Rf1 d4 27. Na4 Rd8 28. Nc5 e5 29. Ne6 Re8 30. Nc7 Re7 31. Na6 d3 32. cxd3 exd3 33. Nc5 e4 34. g5 Nb7 35. Na6 e3 36. Kb2 e2 37. Rb1 e1=Q 38. Rxe1 Rxe1 39. Kc3 Rh1 40. Kxd3 Rxh4 41. Nb8 Nc5+ 42. Kc3 Ne4+ 43. Kb2 Nxg5 44. Nxc6 Ne6 45. Nxa7 g5 46. Nc6 g4 47. Ne5 g3 48. Nf3 Rg4 49. Ne5 Rg6 50. Nf3 g2 51. a4 Rf6 52. Ng1 Rf1 53. Nh3 Nf4 54. Nxf4 Rxf4 55. Ka3 g1=Q 56. b4 0-1

[Event "Junior Online 4NCL Division 4"]
[Site "online"]
[Date "2021.09.30"]
[EventDate "2021.09.30"]
[Round "4.97"]
[White "Mahadevan, Meikum"]
[WhiteElo "1113"]
[WhiteTeam "Wolfpack Juniors"]
[Black "Vyas, Miraya"]
[BlackElo "1053"]
[BlackTeam "Leeds Juniors 4"]
[Result "1-0"]
[PlyCount "31"]

1. c4 e5 2. Nc3 Nf6 3. g3 Nc6 4. Bg2 Bc5 5. Nf3 d6 6. a3 Bf5 7. d3 O-O 8. e4 Be6 9. b4 Bd4 10. Bb2 Ng4 11. Nxd4 exd4 12. Nd5 Bxd5 13. cxd5 Ne7 14. Qxg4 Nc8 15. Bxd4 Nb6 16. Qxg7# 1-0

[Event "Junior Online 4NCL Division 4"]
[Site "online"]
[Date "2021.09.30"]
[EventDate "2021.09.30"]
[Round "4.98"]
[White "Teh, Andrew"]
[WhiteElo "980"]
[WhiteTeam "Leeds Juniors 4"]
[Black "Marsden, Rupert"]
[BlackElo "1042"]
[BlackTeam "Wolfpack Juniors"]
[Result "0-1"]
[PlyCount "82"]

1. d4 Nf6 2. Bf4 e6 3. e3 d5 4. Nd2 b6 5. c3 c5 6. Ngf3 Nbd7 7. Bd3 c4 8. Bc2 b5 9. b4 a5 10. a3 Nb6 11. O-O axb4 12. cxb4 c3 13. Nb3 Nc4 14. Nc5 Bxc5 15. dxc5 O-O 16. Be5 Nxe5 17. Nxe5 Qc7 18. Nf3 Bb7 19. Qd3 e5 20. Qxb5 Ba6 21. Qa4 Bc4 22. Qxa8 Rxa8 23. Rfd1 e4 24. Nd4 Ng4 25. g3 Ne5 26. f4 Ng4 27. h3 Nxe3 28. Rdc1 Nxc2 29. Rxc2 Re8 30. Rxc3 e3 31. Re1 Qd7 32. Rcxe3 Rxe3 33. Rxe3 h6 34. g4 Qa4 35. Re8+ Qxe8 36. Nf3 Qe4 37. Nd2 Qe1+ 38. Nf1 Qxf1+ 39. Kh2 Qf2+ 40. Kh1 Bf1 41. c6 Qg2# 0-1